00888nam a22002537a 4500003000900000005001700009008002400026020001500050040002200065082002300087100001900110245008600129260005000215300002100265490002200286534006200308590002600370650001900396700003200415910003400447942001200481952012600493999001500619DO-SdBNP20221121090044.0151005b19uu sp| 0 spa d a8440209177 aBPMSUbspacBPMSU 4a823.91bW187h 2221 aWallace, Edgar13aEl hombre del antifaz blanco /cEdgar Wallace ; traducción Armando Lázaro Ros aBarcelona :bLitografía Rosés, c[190-?]. a173 p. ;c18 cm.0 aEl observadorv29 aTítulo original : tThe door with seven locks whit face 6Inventariado, 2022/VM 4aNovela inglesa1 aLázaro Ros, Armandoetr.  aYLOCKWARD/ VMateo V./Validado 2ddccBK 00102ddc40708CJ-GaBPMETbBPMETd2015-11-03eFUNDIoBPMSU CG 823.91 W187h pBPMSU15110024r2015-11-03w2015-11-03yBK c8522d8522